000 00345nam a2200133Ia 4500
008 230818s2000 xx 000 0 und d
041 _aeng
100 _aM.C. Grath
245 _aBasic Managerlal skills for all
260 _bPrentice Hall of India
_c2000
300 _a640p
520 _aGeneral | Hard Board
999 _c854579
_d854579
650 _aMarketing Management